Contabilidad mercantil, primer curso /

Guardado en:
Autor Principal: Louge, Pedro J. S.
Formato: Libro
Publicado: Argentina : Cesarini, 1974
Edición:25a. ed.
Materias:
Etiquetas: Agregar Etiqueta
Sin Etiquetas, Sea el primero en etiquetar este registro!
LEADER 00461nam a22001695a 4500
001 CEM.cems003922
005 19000101000000.0
008 130507s1974##################000#0#####d
003 CEMS
082 0 4 |a 657 
100 1 |a Louge, Pedro J. S. 
245 1 0 |a Contabilidad mercantil, primer curso / 
250 |a 25a. ed. 
260 |a Argentina :  |b Cesarini,  |c 1974 
300 |a 213 p. 
653 |a Contabilidad 
859 |a CEMS  |b BIB. CEMS - 11 de abril  |h 657  |i L928a25/I  |p 6230.77  |t Ej.1